000 00328nam a2200157Ia 4500
100 _aMAURUS/J.
650 _aPHILOPSOPHY
942 _cBK
366 _f25
245 _aSOMETHING TO THINK OF
260 _bBETTER YOURSELF BOOK
_aBandra
_c1989
082 _a170/MAU
_bMAU
300 _a159
546 _aENGLISH
999 _c33503
_d33503